000 00576cam a2200241 4500
008 090401t1998 xxu||||| |||| 00| 0 eng d
020 _a185431730X
035 _a(Sirsi) u92902
041 _aeng
050 _a306.026
100 _aMorgan, Jill
245 _aTextbook on housing law.
260 _aLondon
_bBlackstone Press
_c1998
300 _axxxviii,318p. ; 22cm.
350 _a17.95
650 _aHOMELESSNESS
650 _aHOUSING ACT 1988
650 _aHOUSING LAW
650 _aRENT ACT 1977
690 _aHOUSING
942 _n0
948 _c21/04/1999
999 _c97788
_d97788